000 00387nam a2200169Ia 4500
100 _aWoods/Dan/ Mattern/Thomas
650 _aSOA
942 _cBK
366 _f20
654 _aSOA
245 _aEnterprise SOA: Designing IT for business innovation
260 _bShroff Publishers
_c2006
082 _a658.4
_bWOO
300 _a433
546 _aENGLISH
_celectronics
999 _c21089
_d21089